|
|
|
|
| LEADER |
00000nam a2200000 a 4500 |
| 001 |
vtls008865726 |
| 003 |
SK-MaSNL |
| 005 |
20260301215748.0 |
| 008 |
251124s1502 IT 0 lat |
| 035 |
|
|
|a cpl000126499
|
| 040 |
|
|
|a SNK
|b slo
|c SNK
|e AACR2
|
| 041 |
0 |
|
|a lat
|
| 044 |
|
|
|a IT
|
| 130 |
0 |
|
|a Missale Strigoniense
|9 420503
|
| 245 |
1 |
0 |
|a Missale scdm chorum alme ecclesie Strigoniensis. Johis paep lib. Buden
|
| 260 |
|
|
|a [Venetiis]
|b [Joannes Emericus de Spira impensis Joannis Paep]
|c [1502. kal. Apr.]
|
| 300 |
|
|
|a [24], CCLXX [ = 270], [1] list. zach.
|c 4°
|c 24,5 x 19,5 cm
|
| 500 |
|
|
|a Signet, iniciálky s ornamentálnym a figurálnym pozadím v rámčeku na 8 r., vo voľnom priestore na 2 r., text s červeno-čiernou tlačou, drevorezy, rubriky, rukopisné poznámky
|
| 510 |
0 |
|
|a Hubay
|c 12
|
| 561 |
|
|
|a Proveniencia: Exlibris MS
|
| 562 |
|
|
|a Defekt - chýba koniec
|
| 563 |
|
|
|a Väzba : renesančná, kožená so slepotlačou, poškodená, reštaurovaná, spony, puklice
|
| 700 |
1 |
|
|a Emmerich, Johann
|4 prt
|9 605954
|
| 700 |
1 |
|
|a Paep, Johannes
|4 prt
|9 488409
|
| 710 |
0 |
|
|a Emerich, Johann; imp. Paep, Johannes Venezia
|4 prt
|9 605955
|
| 710 |
2 |
|
|a Matica slovenská
|4 fmo
|9 14662
|
| 730 |
0 |
|
|a Missale Strigoniense
|9 420503
|
| 852 |
|
|
|a KIS3GST
|b 004010000
|h SC 32489
|
| 958 |
|
|
|a ONDV
|
| 999 |
|
|
|c 929491
|d 931421
|
| 952 |
|
|
|a SNK
|b SNK
|y PREZ
|7 0
|p 17A0927649
|o snkSC 32489
|i snkF 23/74
|8 5
|0 0
|1 0
|4 0
|d 2012-12-04
|l 0
|r 2025-09-30 00:00:00
|w 2026-02-24
|